[Event "Lleida Christmas op"]
[Site "Lleida"]
[Date "2022.12.30"]
[Round "7"]
[White "Codina Garcia, Jose"]
[Black "Ano Tafalla, Santiago"]
[Result "0-1"]
[WhiteElo "1847"]
[BlackElo "2086"]
[PlyCount "59"]
[EventDate "2022.12.27"]
[EventType "swiss"]
[EventRounds "8"]
[EventCountry "ESP"]
[SourceTitle "CBM 212 Extra"]
[Source "ChessBase"]
[SourceDate "2023.03.31"]
[SourceVersion "1"]
[SourceVersionDate "2023.03.31"]
[SourceQuality "1"]

1. e4 c5 2. Nf3 Nc6 3. d4 cxd4 4. Nxd4 Nf6 5. Nc3 e5 6. Ndb5 d6 7. Bg5 a6 8. Na3 b5 9. Nd5 Be7 10. Bxf6 Bxf6 11. c3 0-0 12. Nc2 Bg5 13. a4 bxa4 14. Rxa4 a5 15. Bc4 Rb8 16. b3 Kh8 17. 0-0 f5 18. exf5 Bxf5 19. Nce3 Bg6 20. Qe2 e4 21. f4 exf3 22. Rxf3 Rxf3 23. Qxf3 Ne5 24. Qe2 Nxc4 25. Qxc4 Bxe3+ 26. Nxe3 Qb6 27. Qd4 Qxb3 28. Rxa5 Qb1+ 29. Nd1 Bd3 30. Qg4 0-1

[Event "Lleida Christmas op"]
[Site "Lleida"]
[Date "2022.12.29"]
[Round "5"]
[White "Ano Pla, Gerard"]
[Black "Ano Tafalla, Santiago"]
[Result "1-0"]
[WhiteElo "2143"]
[BlackElo "2086"]
[PlyCount "77"]
[EventDate "2022.12.27"]
[EventType "swiss"]
[EventRounds "8"]
[EventCountry "ESP"]
[SourceTitle "CBM 212 Extra"]
[Source "ChessBase"]
[SourceDate "2023.03.31"]
[SourceVersion "1"]
[SourceVersionDate "2023.03.31"]
[SourceQuality "1"]

1. d4 d5 2. Nf3 Nf6 3. g3 c6 4. Bg2 Bf5 5. 0-0 h6 6. c4 e6 7. Nc3 Bd6 8. Qb3 b6 9. Nd2 Nbd7 10. e4 dxe4 11. Ndxe4 Nxe4 12. Nxe4 Bxe4 13. Bxe4 Rc8 14. Qa4 Qc7 15. Be3 0-0 16. Rac1 f5 17. Bg2 f4 18. Bd2 f3 19. Bh3 Rce8 20. d5 cxd5 21. cxd5 Nc5 22. Qg4 Qf7 23. b4 Nd3 24. dxe6 Qe7 25. Rcd1 Ne5 26. Qe4 b5 27. Bc3 Nc4 28. Qg6 a6 29. Bf5 Rxf5 30. Qxf5 Rf8 31. Qg6 Qg5 32. Qxg5 hxg5 33. Rd5 Be7 34. Re1 Nb6 35. Rd3 g4 36. Re4 Rc8 37. h3 Na4 38. Bd2 Rc4 39. Rxg4 1-0

[Event "Torredembarra op 22nd"]
[Site "Torredembarra"]
[Date "2022.07.09"]
[Round "8"]
[White "Lacasta Palacio, Joaquim"]
[Black "Ano Tafalla, Santiago"]
[Result "1/2-1/2"]
[WhiteElo "2026"]
[BlackElo "2090"]
[PlyCount "95"]
[EventDate "2022.07.02"]
[EventType "swiss"]
[EventRounds "9"]
[EventCountry "ESP"]
[SourceTitle "EXT 2023"]
[Source "ChessBase"]
[SourceDate "2022.10.05"]
[SourceVersion "1"]
[SourceVersionDate "2022.10.05"]
[SourceQuality "1"]

1. Nf3 d5 2. g3 Nf6 3. Bg2 c6 4. 0-0 Bg4 5. b3 Nbd7 6. Bb2 e6 7. d4 Bd6 8. Nbd2 h6 9. c4 0-0 10. Ne5 Bf5 11. Nxd7 Qxd7 12. f3 Bb4 13. a3 Ba5 14. b4 Bc7 15. e4 Bg6 16. Qe2 Qd8 17. e5 Nd7 18. c5 b6 19. f4 a5 20. Bc3 Qe7 21. Nf3 Be4 22. Rfc1 Rfb8 23. Qe3 b5 24. Bf1 Ra7 25. Nd2 Bg6 26. Nb3 axb4 27. axb4 Rba8 28. Na5 Bxa5 29. Rxa5 Qd8 30. Qd2 Qc7 31. Rca1 Rxa5 32. Rxa5 Rxa5 33. bxa5 Nb8 34. Qa2 Na6 35. Bd2 Be4 36. Qb3 Qb7 37. g4 Qe7 38. Qg3 Qb7 39. h4 Qd7 40. h5 Qe7 41. Kh2 Kh8 42. Be2 Kh7 43. Bf1 f6 44. g5 Bf5 45. g6+ Kg8 46. Be1 fxe5 47. fxe5 Qf8 48. Be2 1/2-1/2

[Event "La Roda op 47th"]
[Site "La Roda"]
[Date "2021.12.05"]
[Round "3"]
[White "Ano Tafalla, Santiago"]
[Black "Renteria Becerra, Jorge Elicer"]
[Result "1-0"]
[WhiteElo "2104"]
[BlackElo "2272"]
[PlyCount "111"]
[EventDate "2021.12.04"]
[EventType "swiss"]
[EventRounds "9"]
[EventCountry "ESP"]
[SourceTitle "CBM 205 Extra"]
[Source "ChessBase"]
[SourceDate "2022.01.31"]
[SourceVersion "1"]
[SourceVersionDate "2022.01.31"]
[SourceQuality "1"]

1. d4 Nf6 2. c4 e6 3. Nc3 Bb4 4. a3 Bxc3+ 5. bxc3 c5 6. f3 Nc6 7. e4 d6 8. Be3 b6 9. Bd3 Qc7 10. Ne2 Na5 11. Ng3 Ba6 12. Qe2 h5 13. Rc1 Nd7 14. f4 h4 15. Nf1 e5 16. fxe5 dxe5 17. d5 h3 18. g3 Nb7 19. Nd2 Nd6 20. 0-0 0-0-0 21. a4 g6 22. Bg5 Rde8 23. Bf6 Nxf6 24. Rxf6 Bb7 25. a5 Qe7 26. Rcf1 Kb8 27. axb6 axb6 28. Qf2 Kc7 29. Rb1 Ra8 30. Nb3 Rhc8 31. Nxc5 bxc5 32. Qxc5+ Kd7 33. Rxd6+ Qxd6 34. Rxb7+ Rc7 35. Qb5+ Kd8 36. Rxc7 Qxc7 37. Qb4 Qa7+ 38. Kf1 Qa3 39. Kf2 Ra6 40. Qb8+ Kd7 41. Qb7+ Ke8 42. Qb8+ Ke7 43. Qxe5+ Kd7 44. Qd4 Qc1 45. c5 Qd2+ 46. Kf3 Qd1+ 47. Be2 Qh1+ 48. Kg4 Ra2 49. Bb5+ Ke7 50. d6+ Ke6 51. Bc4+ Kd7 52. Bxa2 f5+ 53. Kg5 Qc1+ 54. Kxg6 fxe4 55. Qg7+ Kc6 56. Qc7+ 1-0

[Event "Amposta Balague Memorial 3rd"]
[Site "Amposta"]
[Date "2016.08.06"]
[Round "8"]
[White "Ano Tafalla, Santiago"]
[Black "Sos Andreu, Eric"]
[Result "0-1"]
[WhiteElo "2101"]
[BlackElo "2369"]
[PlyCount "72"]
[EventDate "2016.08.01"]
[EventType "swiss"]
[EventRounds "9"]
[EventCountry "ESP"]
[SourceTitle "CBM 173 Extra"]
[Source "ChessBase"]
[SourceDate "2016.08.29"]
[SourceVersion "1"]
[SourceVersionDate "2016.08.29"]
[SourceQuality "1"]

1. d4 Nf6 2. c4 g6 3. Nc3 d5 4. cxd5 Nxd5 5. e4 Nxc3 6. bxc3 Bg7 7. Nf3 c5 8. Rb1 0-0 9. Be2 Nc6 10. d5 Ne5 11. Nxe5 Bxe5 12. Qd2 e6 13. f4 Bc7 14. 0-0 exd5 15. exd5 Ba5 16. d6 Rb8 17. Bf3 b6 18. Bb2 Be6 19. Rbd1 Qd7 20. Qe2 b5 21. c4 bxc4 22. Bf6 Rfe8 23. Qe4 c3 24. f5 Bxf5 25. Qf4 Re6 26. Be7 c2 27. Rc1 Rb4 28. Qh6 Rxe7 29. dxe7 Qxe7 30. Rfe1 Qf8 31. Qd2 Ra4 32. Qd5 Bxe1 33. Rxe1 Rb4 34. Qd2 Rb1 35. Kf2 Rxe1 36. Qxe1 Qd6 0-1

[Event "Amposta Balague Memorial 3rd"]
[Site "Amposta"]
[Date "2016.08.02"]
[Round "3"]
[White "Ano Tafalla, Santiago"]
[Black "Muratet Casadevall, Albert"]
[Result "1/2-1/2"]
[WhiteElo "2101"]
[BlackElo "2204"]
[PlyCount "45"]
[EventDate "2016.08.01"]
[EventType "swiss"]
[EventRounds "9"]
[EventCountry "ESP"]
[SourceTitle "CBM 173 Extra"]
[Source "ChessBase"]
[SourceDate "2016.08.29"]
[SourceVersion "1"]
[SourceVersionDate "2016.08.29"]
[SourceQuality "1"]

1. d4 Nf6 2. c4 g6 3. Nc3 Bg7 4. e4 d6 5. h3 0-0 6. Bg5 Na6 7. Bd3 c6 8. Nge2 e5 9. d5 Qe8 10. 0-0 Nd7 11. dxc6 bxc6 12. Bc2 f6 13. Be3 Qe7 14. a3 Nb6 15. b3 Be6 16. Qd2 Rfd8 17. Rad1 Rd7 18. Bxb6 axb6 19. Qe3 Rb8 20. Bb1 Bf7 21. Ba2 Nc5 22. Na4 Nxa4 23. bxa4 1/2-1/2

[Event "Tarragona Province-ch"]
[Site "Tarragona"]
[Date "2015.10.25"]
[Round "4"]
[White "Baixauli Cullare, Julio"]
[Black "Ano Tafalla, Santiago"]
[Result "1-0"]
[WhiteElo "2150"]
[BlackElo "2302"]
[PlyCount "137"]
[EventDate "2015.09.27"]
[EventType "swiss"]
[EventRounds "9"]
[EventCountry "ESP"]
[SourceTitle "EXT 2017"]
[Source "ChessBase"]
[SourceDate "2016.10.25"]
[SourceVersion "1"]
[SourceVersionDate "2016.10.25"]
[SourceQuality "1"]

1. c4 c5 2. Nc3 g6 3. g3 Bg7 4. Bg2 Nc6 5. e4 d6 6. d3 Nf6 7. Nge2 h5 8. h3 Bd7 9. Be3 Qc8 10. a3 Rb8 11. Rb1 a6 12. b4 b6 13. Qd2 Ng8 14. Nf4 Nd4 15. Nce2 e6 16. Nc3 Ne7 17. Nfe2 Nec6 18. Bxd4 cxd4 19. Nd1 e5 20. h4 Ne7 21. f3 Bh6 22. Qb2 0-0 23. Nf2 b5 24. cxb5 Bxb5 25. f4 a5 26. 0-0 Qa6 27. Rfd1 Ba4 28. Rdc1 Nc6 29. Qd2 axb4 30. axb4 Qb6 31. g4 exf4 32. g5 Bg7 33. Nxf4 Ne7 34. Qa2 Bd7 35. Bh3 Bxh3 36. N2xh3 Rfc8 37. Rxc8+ Rxc8 38. Nd5 Nxd5 39. Qxd5 Be5 40. Rf1 Rc7 41. b5 Qa7 42. Rf3 Rc5 43. Qb3 Qd7 44. b6 Rb5 45. Qa2 Rxb6 46. Nf2 Qb7 47. Kg2 Kg7 48. Qc4 Rb2 49. Kg1 Qd7 50. Qc1 Re2 51. Qb1 Re3 52. Kg2 Qe6 53. Qd1 Qa2 54. Qc1 Re2 55. Qd1 Bg3 56. Kxg3 Rb2 57. Qc1 Rb1 58. Qf4 Rg1+ 59. Kh2 Rg4 60. Qf6+ Kg8 61. Kh3 Rg1 62. Qxd6 Rf1 63. Qf6 Re1 64. Qxd4 Qe6+ 65. Kg2 Re2 66. Qd8+ Kh7 67. Kg3 Qe5+ 68. Kg2 Qe6 69. Qf6 1-0